[Event "GER-ch Seniors 65 36th"]
[Site "Bad Wildungen"]
[Date "2024.08.28"]
[Round "6"]
[White "Kaeding, Rainer"]
[Black "Kornrumpf, Joachim"]
[Result "1-0"]
[WhiteElo "2116"]
[BlackElo "2029"]
[PlyCount "65"]
[EventDate "2024.08.25"]
[EventType "swiss"]
[EventRounds "9"]
[EventCountry "GER"]
[SourceTitle "CBM 221 Extra"]
[Source "ChessBase"]
[SourceDate "2024.09.30"]
[SourceVersion "1"]
[SourceVersionDate "2024.09.30"]
[SourceQuality "1"]

1. e4 c5 2. Nf3 e6 3. d4 cxd4 4. Nxd4 a6 5. Bd3 Nf6 6. 0-0 Qc7 7. Qe2 d6 8. c4 g6 9. Nc3 Bg7 10. Nf3 0-0 11. h3 Nc6 12. Be3 b6 13. Rac1 Nd7 14. Rfd1 Nde5 15. Nxe5 dxe5 16. Nd5 exd5 17. cxd5 Qb7 18. Rxc6 b5 19. Rdc1 f5 20. Rc7 Qb8 21. f3 Bb7 22. Qc2 f4 23. Bf2 Bf6 24. Qb3 Kh8 25. a4 Bd8 26. R7c2 bxa4 27. Qxa4 Be7 28. Qd7 Bd6 29. Kh2 Rd8 30. Qe6 Re8 31. Qf6+ Kg8 32. Bc5 Bc7 33. d6 1-0

[Event "GER-ch Seniors 65 36th"]
[Site "Bad Wildungen"]
[Date "2024.08.26"]
[Round "4"]
[White "Gruzmann, Boris"]
[Black "Kornrumpf, Joachim"]
[Result "0-1"]
[WhiteElo "2167"]
[BlackElo "2029"]
[PlyCount "74"]
[EventDate "2024.08.25"]
[EventType "swiss"]
[EventRounds "9"]
[EventCountry "GER"]
[SourceTitle "CBM 221 Extra"]
[Source "ChessBase"]
[SourceDate "2024.09.30"]
[SourceVersion "1"]
[SourceVersionDate "2024.09.30"]
[SourceQuality "1"]

1. e4 c5 2. Nf3 e6 3. d4 cxd4 4. Nxd4 a6 5. Bd3 Nf6 6. 0-0 Qc7 7. c4 Nc6 8. Nxc6 dxc6 9. Nc3 e5 10. Bg5 Be7 11. Rc1 0-0 12. Qe2 Bg4 13. f3 Be6 14. Kh1 Rad8 15. Rfd1 h6 16. Bh4 Nh5 17. Bxe7 Qxe7 18. g3 Nf6 19. c5 Rd4 20. b3 Rfd8 21. Na4 Ne8 22. f4 exf4 23. gxf4 Bg4 24. Qxg4 Rxd3 25. Re1 Nf6 26. Qh4 Qe6 27. Nc3 Rh3 28. f5 Qxf5 29. exf5 Rxh4 30. Rc2 Rf4 31. Re5 Ng4 32. Re7 Rxf5 33. b4 Rd3 34. Rc1 Ne3 35. h3 Rf3 36. Rxb7 Rxh3+ 37. Kg1 Rd2 0-1

[Event "Oberliga Nord N 2324"]
[Site "Germany"]
[Date "2024.03.17"]
[Round "7.8"]
[White "Kornrumpf, Joachim"]
[Black "Sural, Ceren"]
[Result "1-0"]
[WhiteElo "2006"]
[BlackElo "1798"]
[PlyCount "127"]
[EventDate "2023.10.22"]
[EventType "team-tourn"]
[EventRounds "9"]
[EventCountry "GER"]
[SourceTitle "EXT 2025"]
[Source "ChessBase"]
[SourceDate "2024.10.14"]
[SourceVersion "1"]
[SourceVersionDate "2024.10.14"]
[SourceQuality "1"]
[WhiteTeam "Preetz"]
[BlackTeam "Fischbek"]
[WhiteTeamCountry "GER"]
[BlackTeamCountry "GER"]

1. b3 d5 2. e3 Nf6 3. Bb2 Bf5 4. Nf3 e6 5. Be2 Nbd7 6. 0-0 Bd6 7. c4 c6 8. d4 Ne4 9. Nbd2 0-0 10. Ne5 f6 11. Nxd7 Qxd7 12. c5 Bc7 13. f3 Nxd2 14. Qxd2 Rae8 15. Rad1 Bb8 16. Rfe1 Qc7 17. g3 Bg6 18. Bf1 h5 19. Qf2 Kf7 20. e4 Rh8 21. Bc1 h4 22. g4 b6 23. b4 Qd7 24. Bd3 Bh7 25. Kh1 bxc5 26. bxc5 Qc7 27. Be3 g5 28. Rb1 Re7 29. Rb2 Bg6 30. Reb1 dxe4 31. fxe4 Kg7 32. Kg1 e5 33. dxe5 fxe5 34. Bxg5 Rf7 35. Qe2 Rhf8 36. Bxh4 a5 37. Bc4 Rd7 38. Be6 Ba7 39. Qc2 Qd6 40. Bf5 Qxc5+ 41. Bf2 Qxf2+ 42. Qxf2 Bxf2+ 43. Kxf2 Bxf5 44. gxf5 Rfd8 45. Rb7 Kf6 46. Rxd7 Rxd7 47. Ke3 Rh7 48. Rg1 Rxh2 49. Rg6+ Kf7 50. Rxc6 Rxa2 51. Re6 a4 52. Rxe5 a3 53. Ra5 Rh2 54. Kd4 a2 55. Ke5 Rb2 56. Ra7+ Ke8 57. f6 Rb5+ 58. Ke6 Rb6+ 59. Kf5 Rb2 60. e5 Rc2 61. e6 Rf2+ 62. Ke5 Re2+ 63. Kd5 Rd2+ 64. Kc4 1-0

[Event "Oberliga Nord N 2324"]
[Site "Germany"]
[Date "2024.02.04"]
[Round "5.8"]
[White "Kornrumpf, Joachim"]
[Black "Kluenger, Marc"]
[Result "0-1"]
[WhiteElo "2006"]
[BlackElo "2199"]
[PlyCount "104"]
[EventDate "2023.10.22"]
[EventType "team-tourn"]
[EventRounds "9"]
[EventCountry "GER"]
[SourceTitle "EXT 2025"]
[Source "ChessBase"]
[SourceDate "2024.10.14"]
[SourceVersion "1"]
[SourceVersionDate "2024.10.14"]
[SourceQuality "1"]
[WhiteTeam "Preetz"]
[BlackTeam "Hamburg Schachfreunde"]
[WhiteTeamCountry "GER"]
[BlackTeamCountry "GER"]

1. b3 d5 2. Bb2 Nf6 3. e3 Bf5 4. Nf3 Nbd7 5. c4 e6 6. Be2 Bd6 7. 0-0 h6 8. d3 0-0 9. Nbd2 c6 10. Re1 e5 11. d4 e4 12. Ne5 Qc7 13. f4 exf3 14. Ndxf3 Be4 15. Bd3 Rfe8 16. Nxd7 Nxd7 17. Qc2 Qd8 18. Bxe4 dxe4 19. Nd2 Qh4 20. Nf1 Re6 21. g3 Qg5 22. Rad1 Rae8 23. Re2 Rg6 24. Rg2 h5 25. Rdd2 Nf6 26. Rde2 Ng4 27. Bc3 f5 28. Be1 c5 29. h3 Nh6 30. dxc5 Bxc5 31. b4 Bd6 32. Rd2 Nf7 33. c5 Bb8 34. Qc4 Qe7 35. Rd5 Qe6 36. Bc3 Be5 37. Be1 Kh7 38. Qb3 Ng5 39. h4 Nf3+ 40. Kf2 a6 41. Qd1 Re7 42. a4 Rg4 43. b5 axb5 44. axb5 Qg6 45. Rd7 Rxd7 46. Qxd7 Nxh4 47. Rh2 Rxg3 48. Ke2 Qg4+ 49. Kd2 Nf3+ 50. Kc1 Rg1 51. Rf2 Nxe1 52. Rxf5 Rxf1 0-1

[Event "Oberliga Nord N 2122"]
[Site "Germany"]
[Date "2021.11.21"]
[Round "2.8"]
[White "Bornholdt, Joa Max"]
[Black "Kornrumpf, Joachim"]
[Result "1/2-1/2"]
[WhiteElo "1956"]
[BlackElo "2043"]
[PlyCount "111"]
[EventDate "2021.10.31"]
[EventType "team-tourn"]
[EventRounds "9"]
[EventCountry "GER"]
[SourceTitle "EXT 2023"]
[Source "ChessBase"]
[SourceDate "2022.10.05"]
[SourceVersion "1"]
[SourceVersionDate "2022.10.05"]
[SourceQuality "1"]
[WhiteTeam "Luebeck"]
[BlackTeam "Preetz"]
[WhiteTeamCountry "GER"]
[BlackTeamCountry "GER"]

1. e4 c5 2. Nf3 e6 3. d4 cxd4 4. Nxd4 a6 5. Nc3 Qc7 6. Qf3 Nf6 7. Bg5 Be7 8. 0-0-0 0-0 9. g4 Nc6 10. Nxc6 bxc6 11. Qh3 Nd5 12. Rxd5 exd5 13. Bxe7 Re8 14. Bc5 dxe4 15. Qe3 d5 16. f3 f5 17. gxf5 Bxf5 18. Rg1 Qf7 19. fxe4 Bxe4 20. Bd3 Bxd3 21. Qxd3 Qf4+ 22. Kb1 Qxh2 23. a3 Re6 24. Na4 Rae8 25. Ka2 Qe2 26. Bd4 g6 27. Nc5 Qxd3 28. cxd3 Re2 29. Nd7 Kf7 30. Nf6 h5 31. Nxe8 Rxe8 32. Rf1+ Kg8 33. Rf6 Kh7 34. Rxc6 g5 35. Rd6 h4 36. Rxd5 Kg6 37. Bc3 g4 38. Bd2 g3 39. Rg5+ Kf6 40. Rg4 Re2 41. Bf4 g2 42. Bh2 h3 43. Rg3 Re1 44. Rf3+ Ke6 45. Rxh3 Rh1 46. Rg3 Rxh2 47. Kb3 Kf5 48. Rg8 Kf4 49. Kb4 Rh4 50. Rxg2 Kf3+ 51. Ka5 Kxg2 52. Kxa6 Kf3 53. b4 Ke3 54. b5 Ra4+ 55. Kb7 Rxa3 56. b6 1/2-1/2

[Event "Berlin Lichtenberger op 18th"]
[Site "Berlin"]
[Date "2019.08.17"]
[Round "1"]
[White "Kornrumpf, Joachim"]
[Black "Zesewitz, Maik"]
[Result "1-0"]
[WhiteElo "2099"]
[BlackElo "1742"]
[PlyCount "49"]
[EventDate "2019.08.17"]
[EventType "swiss"]
[EventRounds "9"]
[EventCountry "GER"]
[SourceTitle "EXT 2020"]
[Source "ChessBase"]
[SourceDate "2019.10.17"]
[SourceVersion "1"]
[SourceVersionDate "2019.10.17"]
[SourceQuality "1"]

1. c4 e5 2. b3 Nc6 3. Bb2 Bc5 4. e3 d6 5. Nf3 Bg4 6. Be2 Nf6 7. d3 0-0 8. Nbd2 Re8 9. a3 a5 10. 0-0 Qd7 11. Qc2 Rad8 12. Rfe1 Ba7 13. Rad1 d5 14. cxd5 Nxd5 15. Nc4 f6 16. Rc1 b5 17. Ncd2 Nde7 18. d4 exd4 19. Bxb5 Bxf3 20. Nxf3 d3 21. Qc4+ Kf8 22. Red1 d2 23. Rxd2 Qxd2 24. Nxd2 Ne5 25. Bxe5 1-0

[Event "Berlin Lichtenberger op 17th"]
[Site "Berlin"]
[Date "2018.08.22"]
[Round "5"]
[White "Kornrumpf, Joachim"]
[Black "Stein, Siegfried"]
[Result "1-0"]
[WhiteElo "2062"]
[BlackElo "1822"]
[PlyCount "43"]
[EventDate "2018.08.18"]
[EventType "swiss"]
[EventRounds "9"]
[EventCountry "GER"]
[SourceTitle "CBM 186 Extra"]
[Source "ChessBase"]
[SourceDate "2018.08.24"]
[SourceVersion "1"]
[SourceVersionDate "2018.08.24"]
[SourceQuality "1"]

1. Nf3 g6 2. c4 Bg7 3. Nc3 d6 4. b3 e5 5. Qc2 f5 6. Bb2 Nf6 7. e3 a5 8. Be2 Na6 9. d4 e4 10. Ng5 h6 11. Nh3 Be6 12. a3 Bf7 13. 0-0 0-0 14. f3 d5 15. cxd5 Nxd5 16. Nxd5 Bxd5 17. Nf4 exf3 18. Bc4 c6 19. Bxd5+ cxd5 20. Nxg6 Rc8 21. Qxc8 Qg5 22. Qe6+ 1-0

[Event "Berlin Lichtenberger op 17th"]
[Site "Berlin"]
[Date "2018.08.19"]
[Round "2"]
[White "Berger, Steve"]
[Black "Kornrumpf, Joachim"]
[Result "1-0"]
[WhiteElo "2428"]
[BlackElo "2062"]
[PlyCount "53"]
[EventDate "2018.08.18"]
[EventType "swiss"]
[EventRounds "9"]
[EventCountry "GER"]
[SourceTitle "CBM 186 Extra"]
[Source "ChessBase"]
[SourceDate "2018.08.24"]
[SourceVersion "1"]
[SourceVersionDate "2018.08.24"]
[SourceQuality "1"]

1. e4 c5 2. Nc3 e6 3. Nge2 a6 4. g3 Nc6 5. Bg2 g6 6. d4 cxd4 7. Nxd4 Bg7 8. Nxc6 bxc6 9. Qd6 Ne7 10. 0-0 0-0 11. Rd1 Re8 12. Bf4 Qa5 13. Qd2 Qb6 14. Rab1 d5 15. Na4 Qb5 16. b3 e5 17. Bh6 Be6 18. Bxg7 Kxg7 19. exd5 cxd5 20. c4 dxc4 21. Bxa8 Rxa8 22. Nc3 Qc6 23. bxc4 Qxc4 24. Qe3 Nc6 25. Rbc1 Rc8 26. Nd5 Qa4 27. Nb6 1-0

[Event "Berlin Lichtenberger op 17th"]
[Site "Berlin"]
[Date "2018.08.18"]
[Round "1"]
[White "Kornrumpf, Joachim"]
[Black "Morczynski, Joachim"]
[Result "1-0"]
[WhiteElo "2062"]
[BlackElo "1583"]
[PlyCount "67"]
[EventDate "2018.08.18"]
[EventType "swiss"]
[EventRounds "9"]
[EventCountry "GER"]
[SourceTitle "CBM 186 Extra"]
[Source "ChessBase"]
[SourceDate "2018.08.24"]
[SourceVersion "1"]
[SourceVersionDate "2018.08.24"]
[SourceQuality "1"]

1. b3 Nf6 2. Bb2 g6 3. c4 Bg7 4. e3 d6 5. Nf3 0-0 6. Be2 e5 7. d3 Ne8 8. Qc2 f5 9. Nc3 Nf6 10. h4 h5 11. Nd5 Nxd5 12. cxd5 b6 13. Rc1 Na6 14. a3 Bb7 15. d4 Rc8 16. dxe5 dxe5 17. Nxe5 Qd6 18. Nc6 Bxb2 19. Qxb2 Nc5 20. b4 Ne4 21. Nxa7 Rcd8 22. Nb5 Qf6 23. Qxf6 Nxf6 24. Nxc7 Bxd5 25. 0-0 Rd7 26. Bb5 Rd6 27. Rfd1 Rfd8 28. Nxd5 Nxd5 29. Rc6 Kf7 30. Rxd6 Rxd6 31. Bc4 Ke6 32. a4 Ke5 33. f4+ Ke6 34. a5 1-0

[Event "Oberliga Nord N 1718"]
[Site "Germany"]
[Date "2018.01.21"]
[Round "5.7"]
[White "Peterwitz, Klaus"]
[Black "Kornrumpf, Joachim"]
[Result "1/2-1/2"]
[WhiteElo "2083"]
[BlackElo "2035"]
[PlyCount "248"]
[EventDate "2017.10.08"]
[EventType "team-tourn"]
[EventRounds "9"]
[EventCountry "GER"]
[SourceTitle "EXT 2019"]
[Source "ChessBase"]
[SourceDate "2018.10.10"]
[SourceVersion "1"]
[SourceVersionDate "2018.10.10"]
[SourceQuality "1"]
[WhiteTeam "Bargteheide"]
[BlackTeam "Preetz"]
[WhiteTeamCountry "GER"]
[BlackTeamCountry "GER"]

1. Nf3 c5 2. g3 b6 3. Bg2 Bb7 4. 0-0 Nf6 5. c4 e6 6. Nc3 Be7 7. Re1 d6 8. e4 a6 9. d4 cxd4 10. Nxd4 Qc7 11. Be3 0-0 12. Rc1 Re8 13. f4 Nbd7 14. Bf2 Bf8 15. Qe2 g6 16. Nc2 Rac8 17. Ne3 Qb8 18. Nf1 Qa8 19. Nd2 Bc6 20. b4 Bb7 21. Bh3 Qb8 22. Bg2 Nh5 23. Bf3 Ng7 24. Qd3 Rcd8 25. Qb1 f5 26. exf5 gxf5 27. Qb3 Bxf3 28. Nxf3 Be7 29. Nd4 Qc8 30. Nd1 Nf8 31. Nf3 Qb7 32. Nb2 Bf6 33. Na4 b5 34. Nb6 bxc4 35. Nxc4 Kh8 36. Na5 Qa8 37. Rc6 Rc8 38. Rec1 d5 39. Qc2 Rxc6 40. Qxc6 Bb2 41. Rc2 Bf6 42. Nb3 Kg8 43. a3 Ng6 44. Bd4 Bxd4+ 45. Nfxd4 e5 46. fxe5 Nxe5 47. Qxa8 Rxa8 48. Rc5 Nc4 49. Nc2 Rd8 50. Nbd4 Rd6 51. Rc7 h6 52. Kf2 Ne6 53. Rc8+ Rd8 54. Rxd8+ Nxd8 55. Nxf5 Kh7 56. Nfe3 Nb6 57. Nd4 Kg6 58. Nb3 Nc6 59. Nc5 Nb8 60. a4 d4 61. Nc2 d3 62. Ne3 Nc6 63. a5 Nc8 64. Nxa6 Nd6 65. Nc5 Nxb4 66. a6 Nb5 67. Ke1 h5 68. Kd2 Kf6 69. Nd1 Ke5 70. Nc3 Na7 71. Ke3 Kd6 72. N3e4+ Ke7 73. Nxd3 Nxa6 74. Kf4 Nc6 75. Kg5 Nc7 76. Nf4 Kf7 77. Kxh5 Ne8 78. g4 Ne5 79. Kh4 Ng7 80. h3 Nf3+ 81. Kg3 Ne5 82. h4 Nd7 83. h5 Ne8 84. g5 Ng7 85. g6+ Kg8 86. Kg4 Ne5+ 87. Kg5 Nxh5 88. Kxh5 Nxg6 89. Kxg6 Kf8 90. Kf6 Ke8 91. Nc5 Kd8 92. Nd5 Ke8 93. Ke6 Kd8 94. Nd7 Ke8 95. N5f6+ Kd8 96. Kd6 Kc8 97. Nc5 Kd8 98. Nb7+ Kc8 99. Kc6 Kb8 100. Nd7+ Kc8 101. Ndc5 Kb8 102. Nd7+ Kc8 103. Nb6+ Kb8 104. Nc5 Ka7 105. Nbd7 Ka8 106. Kc7 Ka7 107. Nb8 Ka8 108. Nba6 Ka7 109. Nb4 Ka8 110. Na4 Ka7 111. Nc5 Ka8 112. Kb6 Kb8 113. Kc6 Ka7 114. Kc7 Ka8 115. Nc2 Ka7 116. Nd4 Ka8 117. Na6 Ka7 118. Nb4 Ka8 119. Ne6 Ka7 120. Nc5 Ka8 121. Nba6 Ka7 122. Nb4 Ka8 123. Nd5 Ka7 124. Nb4 Ka8 1/2-1/2